MARC details
| 000 -LEADER |
| fixed length control field |
01403cam a2200301 a 4500 |
| 001 - CONTROL NUMBER |
| control field |
5407 |
| 003 - CONTROL NUMBER IDENTIFIER |
| control field |
BD-DhEWU |
| 005 - DATE AND TIME OF LATEST TRANSACTION |
| control field |
20140820161553.0 |
| 008 - FIXED-LENGTH DATA ELEMENTS--GENERAL INFORMATION |
| fixed length control field |
940512s1993 bg a g bs f000 0 eng d |
| 025 ## - OVERSEAS ACQUISITION NUMBER |
| Overseas acquisition number |
B-E-8102 |
| 035 ## - SYSTEM CONTROL NUMBER |
| System control number |
(OCoLC)30513466 |
| 040 ## - CATALOGING SOURCE |
| Original cataloging agency |
DLC |
| Transcribing agency |
DLC |
| Modifying agency |
DLC |
| -- |
BD-DhEWU |
| Language of cataloging |
eng |
| 041 ## - LANGUAGE CODE |
| Language code of text/sound track or separate title |
eng |
| 050 00 - LIBRARY OF CONGRESS CALL NUMBER |
| Classification number |
HC440.8.Z9 |
| Item number |
I518 1993 |
| 082 ## - DEWEY DECIMAL CLASSIFICATION NUMBER |
| Classification number |
339.315492 |
| Item number |
TWE 1993 |
| 245 00 - TITLE STATEMENT |
| Title |
Twenty years of national accounting of Bangladesh, 1972-73 to 1991-92 / |
| 260 ## - PUBLICATION, DISTRIBUTION, ETC. (IMPRINT) |
| Place of publication, distribution, etc |
Dhaka, Bangladesh : |
| Name of publisher, distributor, etc |
Bangladesh Bureau of Statistics, Statistics Division, Ministry of Planning, Govt. of the People's Republic of Bangladesh, |
| Date of publication, distribution, etc |
1993. |
| 300 ## - PHYSICAL DESCRIPTION |
| Extent |
xvii, 296 p. : |
| Other physical details |
ill. ; |
| Dimensions |
28 cm. |
| 500 ## - GENERAL NOTE |
| General note |
Online version:<br/>Twenty years of national accounting of Bangladesh, 1972-73 to 1991-92.<br/>Dhaka, Bangladesh : Bangladesh Bureau of Statistics, Statistics Division, Ministry of Planning, Govt. of the People's Republic of Bangladesh, 1993<br/>(OCoLC)624386177 |
| 504 ## - BIBLIOGRAPHY, ETC. NOTE |
| Bibliography, etc |
Includes bibliographical references. |
| 526 ## - STUDY PROGRAM INFORMATION NOTE |
| Program name |
Library |
| 590 ## - LOCAL NOTE (RLIN) |
| Local note |
Saifun Momota |
| 650 #0 - SUBJECT ADDED ENTRY--TOPICAL TERM |
| Topical term or geographic name as entry element |
National income |
| Geographic subdivision |
Bangladesh |
| General subdivision |
Accounting |
| -- |
Statistics. |
| 9 (RLIN) |
17879 |
| 710 1# - ADDED ENTRY--CORPORATE NAME |
| Corporate name or jurisdiction name as entry element |
Bangladesh. |
| Subordinate unit |
Bureau of statistics. |
| 9 (RLIN) |
17880 |
| 856 42 - ELECTRONIC LOCATION AND ACCESS |
| Materials specified |
WorldCat details |
| Uniform Resource Identifier |
http://www.worldcat.org/title/twenty-years-of-national-accounting-of-bangladesh-1972-73-to-1991-92/oclc/30513466&referer=brief_results |
| 942 ## - ADDED ENTRY ELEMENTS (KOHA) |
| Source of classification or shelving scheme |
Dewey Decimal Classification |
| Koha item type |
Ref. |